000065741 001__ 65741
000065741 005__ 20230317124107.0
000065741 0247_ $$2doi$$a10.1103/PhysRevLett.110.082501
000065741 0247_ $$2ISSN$$a0031-9007
000065741 0247_ $$2ISSN$$a1079-7114
000065741 0247_ $$2altmetric$$aaltmetric:1252482
000065741 0247_ $$2pmid$$apmid:23473137
000065741 0247_ $$2WOS$$aWOS:000315141300005
000065741 037__ $$aGSI-2014-00661
000065741 041__ $$aEnglish
000065741 082__ $$a550
000065741 1001_ $$aEliseev, S.$$b0$$eCorresponding author
000065741 245__ $$aPhase-Imaging Ion-Cyclotron-Resonance Measurements for Short-Lived Nuclides
000065741 260__ $$aCollege Park, Md.$$bAPS$$c2013
000065741 3367_ $$0PUB:(DE-HGF)16$$2PUB:(DE-HGF)$$aJournal Article$$bjournal$$mjournal$$s1401797353_15520
000065741 3367_ $$2DRIVER$$aarticle
000065741 3367_ $$2BibTeX$$aARTICLE
000065741 3367_ $$00$$2EndNote$$aJournal Article
000065741 536__ $$0G:(DE-HGF)POF2-533$$a533 - Exotic Nuclei and Nuclear Astrophysics (ENNA) (POF2-533)$$cPOF2-533$$fPOF II$$x0
000065741 588__ $$aDataset connected to CrossRef, repository.gsi.de
000065741 7001_ $$aBlaum, K.$$b1
000065741 7001_ $$0P:(DE-Ds200)OR0128$$aBlock, M.$$b2$$ugsi
000065741 7001_ $$aDroese, C.$$b3
000065741 7001_ $$aGoncharov, M.$$b4
000065741 7001_ $$0P:(DE-Ds200)OR3270$$aMinaya Ramirez, E.$$b5$$ugsi
000065741 7001_ $$aNesterenko, D.$$b6
000065741 7001_ $$aNovikov, Yu.$$b7
000065741 7001_ $$aSchweikhard, L.$$b8
000065741 773__ $$0PERI:(DE-600)1472655-5$$a10.1103/PhysRevLett.110.082501$$gVol. 110, no. 8, p. 082501$$n8$$p082501$$tPhysical review letters$$v110$$x1079-7114$$y2013
000065741 909CO $$ooai:repository.gsi.de:65741$$pVDB
000065741 9101_ $$0I:(DE-Ds200)20121206GSI$$6P:(DE-Ds200)OR0128$$aGSI Helmholtzzentrum für Schwerionenforschung GmbH$$b2$$kGSI
000065741 9101_ $$0I:(DE-Ds200)20121206GSI$$6P:(DE-Ds200)OR3270$$aGSI Helmholtzzentrum für Schwerionenforschung GmbH$$b5$$kGSI
000065741 9131_ $$0G:(DE-HGF)POF2-533$$1G:(DE-HGF)POF2-530$$2G:(DE-HGF)POF2-500$$3G:(DE-HGF)POF2$$4G:(DE-HGF)POF$$aDE-HGF$$bStruktur der Materie$$lPhysik der Hadronen und Kerne$$vExotic Nuclei and Nuclear Astrophysics (ENNA)$$x0
000065741 9141_ $$y2013
000065741 915__ $$0StatID:(DE-HGF)0010$$2StatID$$aJCR/ISI refereed
000065741 915__ $$0StatID:(DE-HGF)0100$$2StatID$$aJCR
000065741 915__ $$0StatID:(DE-HGF)0110$$2StatID$$aWoS$$bScience Citation Index
000065741 915__ $$0StatID:(DE-HGF)0111$$2StatID$$aWoS$$bScience Citation Index Expanded
000065741 915__ $$0StatID:(DE-HGF)0150$$2StatID$$aDBCoverage$$bWeb of Science Core Collection
000065741 915__ $$0StatID:(DE-HGF)0199$$2StatID$$aDBCoverage$$bThomson Reuters Master Journal List
000065741 915__ $$0StatID:(DE-HGF)0200$$2StatID$$aDBCoverage$$bSCOPUS
000065741 915__ $$0StatID:(DE-HGF)0300$$2StatID$$aDBCoverage$$bMedline
000065741 915__ $$0StatID:(DE-HGF)0310$$2StatID$$aDBCoverage$$bNCBI Molecular Biology Database
000065741 915__ $$0StatID:(DE-HGF)0420$$2StatID$$aNationallizenz
000065741 915__ $$0StatID:(DE-HGF)1020$$2StatID$$aDBCoverage$$bCurrent Contents - Social and Behavioral Sciences
000065741 920__ $$lyes
000065741 9201_ $$0I:(DE-Ds200)SHP-20080822OR107$$kSHP$$lSHE Physik$$x0
000065741 980__ $$ajournal
000065741 980__ $$aVDB
000065741 980__ $$aI:(DE-Ds200)20110830OR107
000065741 980__ $$aI:(DE-Ds200)SHP-20080822OR107
000065741 980__ $$aUNRESTRICTED